[Event "EWIRCC 2019"]
[Site "Monte-Carlo"]
[Date "2019.12.01"]
[Round "9.14"]
[White "Belenkaya, Dina"]
[Black "Worek, Joanna"]
[Result "1/2-1/2"]
[WhiteElo "2302"]
[BlackElo "2316"]
[Annotator "ChessBase"]
[PlyCount "151"]
[EventDate "2019.11.28"]
[EventType "swiss"]
[EventCountry "MNC"]
[SourceTitle "playchess.com"]
[Source "ChessBase"]
[SourceQuality "1"]
[TimeControl "5400+30"]

1. e4 {[%emt 1:15:11]} c5 {[%emt 1:15:11]} 2. Nc3 {[%emt 0:00:21]} Nc6 {[%emt 0:00:21]} 3. Nge2 {[%emt 0:00:21]} g6 {[%emt 0:00:30]} 4. d4 {[%emt 0:00:22]} cxd4 {[%emt 0:00:22]} 5. Nxd4 {[%emt 0:00:21]} Bg7 {[%emt 0:00:26]} 6. Nf3 {[%emt 0:00:22]} Nf6 {[%emt 0:00:47]} 7. h3 {[%emt 0:00:47]} d6 {[%emt 0:00:36]} 8. Bc4 {[%emt 0:00:22]} O-O {[%emt 0:00:24]} 9. O-O {[%emt 0:00:22]} a6 {[%emt 0:00:41]} 10. Re1 {[%emt 0:00:23]} b5 {[%emt 0:00:48]} 11. Bb3 {[%emt 0:00:24]} Bb7 {[%emt 0:00:56]} 12. Nd5 {[%emt 0:02:28]} Na5 {[%emt 0:01:34]} 13. Bg5 {[%emt 0:01:49]} Nxb3 {[%emt 0:00:22]} 14. axb3 {[%emt 0:00:24]} Rc8 {[%emt 0:00:40]} 15. Bxf6 {[%emt 0:02:16]} exf6 {[%emt 0:00:22]} 16. c3 {[%emt 0:00:27]} Re8 {[%emt 0:00:45]} 17. Qd3 {[%emt 0:00:54]} Rb8 {[%emt 0:03:48]} 18. b4 {[%emt 0:00:32]} Qd7 {[%emt 0:01:32]} 19. Rad1 {[%emt 0:02:44]} Rbd8 {[%emt 0:01:29]} 20. Nd2 {[%emt 0:03:09]} Qc6 {[%emt 0:01:57]} 21. Nb3 {[%emt 0:01:41]} f5 {[%emt 0:01:12]} 22. Na5 {[%emt 0:02:15]} Qd7 {[%emt 0:01:36]} 23. exf5 {[%emt 0:00:49]} Rxe1+ {[%emt 0:02:13]} 24. Rxe1 {[%emt 0:00:21]} Bxd5 {[%emt 0:00:22]} 25. Qxd5 {[%emt 0:00:24]} Re8 {[%emt 0:00:24]} 26. Re3 {[%emt 0:03:08]} gxf5 {[%emt 0:01:39]} 27. Rxe8+ {[%emt 0:00:30]} Qxe8 {[%emt 0:00:22]} 28. Kf1 {[%emt 0:00:33]} Be5 {[%emt 0:00:33]} 29. Nc6 {[%emt 0:00:24]} Kg7 {[%emt 0:00:55]} 30. g3 {[%emt 0:00:23]} Qa8 {[%emt 0:01:33]} 31. Qf3 {[%emt 0:00:25]} Bf6 {[%emt 0:00:34]} 32. Kg2 {[%emt 0:00:30]} Qe8 {[%emt 0:00:31]} 33. Qd5 {[%emt 0:00:30]} Qe2 {[%emt 0:00:21]} 34. Qxf5 {[%emt 0:00:26]} Qxb2 {[%emt 0:00:23]} 35. Qg4+ {[%emt 0:00:49]} Kf8 {[%emt 0:00:21]} 36. Qc8+ {[%emt 0:00:25]} Kg7 {[%emt 0:00:21]} 37. Nb8 {[%emt 0:00:30]} Qxc3 {[%emt 0:00:23]} 38. Qg4+ {[%emt 0:00:24]} Kh8 {[%emt 0:00:25]} 39. Nd7 {[%emt 0:00:24]} Bg7 {[%emt 0:00:42]} 40. Nc5 {[%emt 0:00:38]} h6 {[%emt 0:01:04]} 41. Nd7 {[%emt 0:00:36]} Qc6+ {[%emt 0:00:29]} 42. Kh2 {[%emt 0:00:22]} d5 {[%emt 0:00:22]} 43. Qf5 {[%emt 0:00:36]} Qe6 {[%emt 0:00:26]} 44. Qxe6 {[%emt 0:00:36]} fxe6 {[%emt 0:00:21]} 45. Nc5 {[%emt 0:00:21]} e5 {[%emt 0:00:21]} 46. Kg2 {[%emt 0:00:30]} Bf8 {[%emt 0:00:30]} 47. Nxa6 {[%emt 0:01:01]} Bd6 {[%emt 0:00:22]} 48. Kf3 {[%emt 0:00:00]} Kg7 {[%emt 0:00:21]} 49. Ke3 {[%emt 0:00:07]} Kf6 {[%emt 0:00:22]} 50. f3 {[%emt 0:00:35]} Ke6 {[%emt 0:00:22]} 51. g4 {[%emt 0:00:27]} Kd7 {[%emt 0:00:22]} 52. h4 {[%emt 0:00:27]} Ke6 {[%emt 0:00:32]} 53. Kd3 {[%emt 0:00:29]} Kd7 {[%emt 0:00:26]} 54. Nc5+ {[%emt 0:00:34]} Ke7 {[%emt 0:00:39]} 55. g5 {[%emt 0:00:25]} hxg5 {[%emt 0:00:22]} 56. hxg5 {[%emt 0:00:22]} Kf7 {[%emt 0:00:25]} 57. Kc3 {[%emt 0:00:46]} Kg6 {[%emt 0:00:33]} 58. Ne6 {[%emt 0:00:36]} Kf5 {[%emt 0:00:21]} 59. Nd8 {[%emt 0:00:20]} Be7 {[%emt 0:00:27]} 60. Nc6 {[%emt 0:00:34]} Bxg5 {[%emt 0:00:23]} 61. Na7 {[%emt 0:00:22]} Kf4 {[%emt 0:00:27]} 62. Nxb5 {[%emt 0:00:22]} Kxf3 {[%emt 0:00:23]} 63. Nc7 {[%emt 0:00:35]} Ke4 {[%emt 0:00:29]} 64. b5 {[%emt 0:00:24]} Be3 {[%emt 0:00:32]} 65. Ne6 {[%emt 0:01:16]} d4+ {[%emt 0:00:33]} 66. Kc2 {[%emt 0:00:35]} d3+ {[%emt 0:00:40]} 67. Kc3 {[%emt 0:00:21]} d2 {[%emt 0:00:30]} 68. Kc2 {[%emt 0:00:22]} Kd5 {[%emt 0:00:24]} 69. Nc7+ {[%emt 0:00:48]} Kc5 {[%emt 0:00:56]} 70. Kd1 {[%emt 0:00:28]} Bh6 {[%emt 0:00:31]} 71. Ke2 {[%emt 0:00:25]} Kb6 {[%emt 0:00:32]} 72. Nd5+ {[%emt 0:00:36]} Kxb5 {[%emt 0:00:23]} 73. Nf6 {[%emt 0:00:24]} Kc4 {[%emt 0:00:28]} 74. Ng4 {[%emt 0:00:21]} Bf4 {[%emt 0:00:23]} 75. Nxe5+ {[%emt 0:00:22]} Kc3 {[%emt 0:00:22]} 76. Nf3 {[%emt 0:00:25]} 1/2-1/2

[Event "EWIRCC 2019"]
[Site "Monte-Carlo"]
[Date "2019.12.01"]
[Round "9.15"]
[White "Petrova, Irina"]
[Black "Michna, Marta"]
[Result "0-1"]
[WhiteElo "2109"]
[BlackElo "2366"]
[Annotator "ChessBase"]
[PlyCount "218"]
[EventDate "2019.11.28"]
[EventType "swiss"]
[EventCountry "MNC"]
[SourceTitle "playchess.com"]
[Source "ChessBase"]
[SourceQuality "1"]
[TimeControl "5400+30"]

1. d4 {[%emt 1:15:11]} Nf6 {[%emt 1:15:11]} 2. Bg5 {[%emt 0:00:22]} e6 {[%emt 0:00:25]} 3. Nc3 {[%emt 0:00:54]} d5 {[%emt 0:00:25]} 4. e4 {[%emt 0:00:21]} Bb4 {[%emt 0:00:30]} 5. e5 {[%emt 0:00:22]} h6 {[%emt 0:00:21]} 6. Bd2 {[%emt 0:00:22]} Bxc3 {[%emt 0:00:29]} 7. bxc3 {[%emt 0:00:21]} Ne4 {[%emt 0:00:24]} 8. Qg4 {[%emt 0:00:22]} g6 {[%emt 0:00:27]} 9. Bd3 {[%emt 0:00:23]} Nxd2 {[%emt 0:00:27]} 10. Kxd2 {[%emt 0:00:22]} c5 {[%emt 0:00:32]} 11. h4 {[%emt 0:00:25]} c4 {[%emt 0:01:54]} 12. Be2 {[%emt 0:00:35]} Bd7 {[%emt 0:02:04]} 13. Rh3 {[%emt 0:00:39]} Bc6 {[%emt 0:00:33]} 14. Rf3 {[%emt 0:00:38]} Nd7 {[%emt 0:00:38]} 15. Qf4 {[%emt 0:01:21]} Qe7 {[%emt 0:00:36]} 16. Nh3 {[%emt 0:00:47]} b5 {[%emt 0:00:59]} 17. a3 {[%emt 0:01:35]} a5 {[%emt 0:00:26]} 18. g4 {[%emt 0:01:59]} Rh7 {[%emt 0:00:41]} 19. g5 {[%emt 0:01:11]} h5 {[%emt 0:00:24]} 20. Qe3 {[%emt 0:00:26]} Kd8 {[%emt 0:01:51]} 21. Rg3 {[%emt 0:00:37]} Kc7 {[%emt 0:01:22]} 22. Rgg1 {[%emt 0:00:24]} Rhh8 {[%emt 0:00:52]} 23. Rgb1 {[%emt 0:00:30]} Rhb8 {[%emt 0:00:26]} 24. Nf4 {[%emt 0:00:27]} Nb6 {[%emt 0:00:43]} 25. Bd1 {[%emt 0:02:37]} Rb7 {[%emt 0:03:58]} 26. Ke1 {[%emt 0:02:09]} Rab8 {[%emt 0:00:40]} 27. Qc1 {[%emt 0:00:22]} Qf8 {[%emt 0:01:24]} 28. Ne2 {[%emt 0:00:28]} Qe7 {[%emt 0:00:40]} 29. Qf4 {[%emt 0:00:53]} Na4 {[%emt 0:00:28]} 30. Qf6 {[%emt 0:01:46]} Qf8 {[%emt 0:01:12]} 31. Qf4 {[%emt 0:00:22]} Kc8 {[%emt 0:00:35]} 32. Qc1 {[%emt 0:01:15]} Qd8 {[%emt 0:00:49]} 33. Qf4 {[%emt 0:00:59]} Qf8 {[%emt 0:00:32]} 34. Qc1 {[%emt 0:05:35]} Ra7 {[%emt 0:04:02]} 35. Qd2 {[%emt 0:00:00]} Rb6 {[%emt 0:00:00]} 36. Qc1 {[%emt 0:00:00]} Rab7 {[%emt 0:00:00]} 37. Qd2 {[%emt 0:00:00]} Rb8 {[%emt 0:00:00]} 38. Qc1 {[%emt 0:00:00]} R6b7 {[%emt 0:00:00]} 39. Qd2 {[%emt 0:00:00]} Bd7 {[%emt 0:00:00]} 40. Qc1 {[%emt 0:00:00]} Nb6 {[%emt 0:00:15]} 41. Qf4 {[%emt 0:00:00]} Na4 {[%emt 0:00:21]} 42. Qc1 {[%emt 0:00:00]} Be8 {[%emt 0:00:21]} 43. Qd2 {[%emt 0:00:00]} Qe7 {[%emt 0:00:28]} 44. Qc1 {[%emt 0:00:00]} Nb6 {[%emt 0:00:53]} 45. Qf4 {[%emt 0:00:18]} Qc7 {[%emt 0:00:32]} 46. Qc1 {[%emt 0:00:45]} Kd8 {[%emt 0:00:55]} 47. Qf4 {[%emt 0:00:22]} Nc8 {[%emt 0:00:23]} 48. Qd2 {[%emt 0:00:48]} Ne7 {[%emt 0:00:32]} 49. Ng3 {[%emt 0:05:17]} Nc6 {[%emt 0:00:43]} 50. Be2 {[%emt 0:00:00]} Kc8 {[%emt 0:00:35]} 51. Bd1 {[%emt 0:00:00]} Qb6 {[%emt 0:00:24]} 52. Ne2 {[%emt 0:00:00]} Qa7 {[%emt 0:00:47]} 53. Kf1 {[%emt 0:00:00]} Qb6 {[%emt 0:00:25]} 54. Rb2 {[%emt 0:00:00]} Qc7 {[%emt 0:00:22]} 55. Rbb1 {[%emt 0:00:00]} Rb6 {[%emt 0:01:08]} 56. Rb2 {[%emt 0:00:00]} Qb7 {[%emt 0:00:23]} 57. Rab1 {[%emt 0:00:18]} Qe7 {[%emt 0:00:26]} 58. Ra1 {[%emt 0:00:22]} R8b7 {[%emt 0:00:35]} 59. Rbb1 {[%emt 0:00:25]} Kb8 {[%emt 0:00:23]} 60. Kg2 {[%emt 0:00:45]} Qc7 {[%emt 0:01:26]} 61. Kg1 {[%emt 0:00:29]} Ne7 {[%emt 0:00:27]} 62. Ng3 {[%emt 0:00:22]} Kc8 {[%emt 0:00:22]} 63. Kg2 {[%emt 0:00:23]} Bd7 {[%emt 0:00:31]} 64. Qf4 {[%emt 0:00:27]} Be8 {[%emt 0:00:21]} 65. Qd2 {[%emt 0:00:21]} Qb8 {[%emt 0:00:23]} 66. Kg1 {[%emt 0:00:29]} Qc7 {[%emt 0:00:39]} 67. Kg2 {[%emt 0:00:21]} Kb8 {[%emt 0:00:23]} 68. Kg1 {[%emt 0:00:22]} Nc8 {[%emt 0:00:21]} 69. Ne2 {[%emt 0:00:29]} Ra6 {[%emt 0:00:24]} 70. Kg2 {[%emt 0:00:22]} Nb6 {[%emt 0:00:21]} 71. Qf4 {[%emt 0:00:28]} Na4 {[%emt 0:00:22]} 72. Qc1 {[%emt 0:00:23]} Qb6 {[%emt 0:00:34]} 73. Qd2 {[%emt 0:00:24]} Qa7 {[%emt 0:00:21]} 74. Qc1 {[%emt 0:00:21]} Bc6 {[%emt 0:01:04]} 75. Qd2 {[%emt 0:00:25]} Ka8 {[%emt 0:00:22]} 76. Kh2 {[%emt 0:00:26]} Kb8 {[%emt 0:00:29]} 77. Kg3 {[%emt 0:00:23]} Qb6 {[%emt 0:00:44]} 78. Kh2 {[%emt 0:00:24]} Qd8 {[%emt 0:00:30]} 79. Qf4 {[%emt 0:00:28]} Rab6 {[%emt 0:00:22]} 80. Qd2 {[%emt 0:00:25]} Qf8 {[%emt 0:00:30]} 81. Qc1 {[%emt 0:00:24]} Kc8 {[%emt 0:01:00]} 82. Kg1 {[%emt 0:00:21]} Qd8 {[%emt 0:00:46]} 83. Kf1 {[%emt 0:00:30]} Rb8 {[%emt 0:00:33]} 84. Qd2 {[%emt 0:00:22]} R6b7 {[%emt 0:00:22]} 85. Qc1 {[%emt 0:00:21]} Qb6 {[%emt 0:00:21]} 86. Qd2 {[%emt 0:00:22]} Qa7 {[%emt 0:00:21]} 87. Qc1 {[%emt 0:00:25]} Rc7 {[%emt 0:00:47]} 88. Qd2 {[%emt 0:00:22]} Rcb7 {[%emt 0:00:30]} 89. Qc1 {[%emt 0:00:22]} Rc7 {[%emt 0:00:33]} 90. Qd2 {[%emt 0:00:21]} Rbb7 {[%emt 0:00:21]} 91. Qc1 {[%emt 0:00:22]} Nxc3 {[%emt 0:00:39]} 92. Nxc3 {[%emt 0:00:22]} Qxd4 {[%emt 0:00:21]} 93. Qe3 {[%emt 0:00:24]} Qxh4 {[%emt 0:00:21]} 94. Ne2 {[%emt 0:01:23]} Qh1+ {[%emt 0:00:58]} 95. Ng1 {[%emt 0:00:21]} d4 {[%emt 0:00:28]} 96. Qg3 {[%emt 0:00:32]} h4 {[%emt 0:00:33]} 97. Qh3 {[%emt 0:00:21]} Qe4 {[%emt 0:00:22]} 98. Nf3 {[%emt 0:01:08]} c3 {[%emt 0:00:40]} 99. Qxh4 {[%emt 0:00:34]} Qxh4 {[%emt 0:00:24]} 100. Nxh4 {[%emt 0:00:21]} Be4 {[%emt 0:00:38]} 101. Bf3 {[%emt 0:00:33]} Bxc2 {[%emt 0:00:28]} 102. Bxb7+ {[%emt 0:00:21]} Rxb7 {[%emt 0:00:21]} 103. Rc1 {[%emt 0:00:24]} d3 {[%emt 0:00:30]} 104. Nf3 {[%emt 0:00:41]} b4 {[%emt 0:00:21]} 105. axb4 {[%emt 0:00:22]} axb4 {[%emt 0:00:20]} 106. Ra8+ {[%emt 0:03:46]} Kd7 {[%emt 0:00:35]} 107. Ke1 {[%emt 0:01:07]} b3 {[%emt 0:00:32]} 108. Raa1 {[%emt 0:02:17]} b2 {[%emt 0:00:26]} 109. Nd4 {[%emt 0:00:25]} d2+ {[%emt 0:00:25]} 0-1

[Event "EWIRCC 2019"]
[Site "Monte-Carlo"]
[Date "2019.12.01"]
[Round "9.16"]
[White "Solozhenkina, Elizaveta"]
[Black "Dornbusch, Tatiana"]
[Result "0-1"]
[WhiteElo "2314"]
[BlackElo "2269"]
[Annotator "NA"]
[PlyCount "105"]
[EventDate "2019.11.28"]
[EventType "swiss"]
[EventCountry "MNC"]
[SourceTitle "playchess.com"]
[Source "ChessBase"]
[SourceQuality "1"]
[TimeControl "5400+30"]

1. e4 {[%emt 1:15:11]} Nf6 {[%emt 1:15:11]} 2. e5 {[%emt 0:00:22]} Nd5 {[%emt 0:00:21]} 3. d4 {[%emt 0:00:21]} d6 {[%emt 0:00:21]} 4. c4 {[%emt 0:00:20]} Nb6 {[%emt 0:00:21]} 5. exd6 {[%emt 0:00:22]} exd6 {[%emt 0:00:21]} 6. Nc3 {[%emt 0:00:21]} Be7 {[%emt 0:00:22]} 7. Nf3 {[%emt 0:01:04]} Bg4 {[%emt 0:00:37]} 8. h3 {[%emt 0:00:27]} Bh5 {[%emt 0:00:31]} 9. g4 {[%emt 0:02:11]} Bg6 {[%emt 0:00:26]} 10. h4 {[%emt 0:01:28]} h6 {[%emt 0:03:02]} 11. Bf4 {[%emt 0:03:54]} Bf6 {[%emt 0:04:14]} 12. Qe2+ {[%emt 0:01:56]} Qe7 {[%emt 0:00:42]} 13. O-O-O {[%emt 0:00:43]} Nc6 {[%emt 0:03:06]} 14. Qxe7+ {[%emt 0:01:19]} Bxe7 {[%emt 0:01:01]} 15. d5 {[%emt 0:03:06]} Nb4 {[%emt 0:02:24]} 16. a3 {[%emt 0:00:52]} Na6 {[%emt 0:00:25]} 17. Re1 {[%emt 0:01:07]} Nc5 {[%emt 0:00:43]} 18. Nd4 {[%emt 0:00:38]} Kd7 {[%emt 0:00:40]} 19. Rh3 {[%emt 0:02:17]} Bf6 {[%emt 0:00:47]} 20. Nc2 {[%emt 0:00:52]} Rae8 {[%emt 0:01:14]} 21. Ree3 {[%emt 0:00:58]} Nb3+ {[%emt 0:00:59]} 22. Kd1 {[%emt 0:00:28]} Nd4 {[%emt 0:00:32]} 23. Ne1 {[%emt 0:00:44]} a5 {[%emt 0:00:36]} 24. g5 {[%emt 0:00:25]} Bh5+ {[%emt 0:01:52]} 25. Kc1 {[%emt 0:00:36]} Bd8 {[%emt 0:00:28]} 26. Bd3 {[%emt 0:00:32]} hxg5 {[%emt 0:00:34]} 27. hxg5 {[%emt 0:00:23]} Bg4 {[%emt 0:00:23]} 28. Rxh8 {[%emt 0:00:30]} Rxh8 {[%emt 0:00:21]} 29. Rg3 {[%emt 0:00:30]} Bf5 {[%emt 0:00:23]} 30. Be3 {[%emt 0:00:41]} Bxd3 {[%emt 0:00:44]} 31. Bxd4 {[%emt 0:00:33]} Bxc4 {[%emt 0:00:38]} 32. Bxg7 {[%emt 0:00:21]} Rh1 {[%emt 0:00:22]} 33. Kd2 {[%emt 0:00:21]} Bxd5 {[%emt 0:00:27]} 34. Nd3 {[%emt 0:00:42]} Nc4+ {[%emt 0:00:43]} 35. Kc2 {[%emt 0:00:21]} Bc6 {[%emt 0:00:23]} 36. Rg4 {[%emt 0:00:42]} b5 {[%emt 0:00:25]} 37. a4 {[%emt 0:00:24]} b4 {[%emt 0:00:53]} 38. Rxc4 {[%emt 0:00:29]} bxc3 {[%emt 0:00:22]} 39. Bxc3 {[%emt 0:00:23]} Bxg5 {[%emt 0:00:49]} 40. Bxa5 {[%emt 0:00:22]} Rh4 {[%emt 0:00:41]} 41. f4 {[%emt 0:00:38]} Rh2+ {[%emt 0:00:24]} 42. Bd2 {[%emt 0:00:21]} Bh4 {[%emt 0:00:49]} 43. Rb4 {[%emt 0:00:35]} f5 {[%emt 0:00:26]} 44. a5 {[%emt 0:00:22]} Be4 {[%emt 0:00:23]} 45. a6 {[%emt 0:00:51]} Be1 {[%emt 0:00:21]} 46. a7 {[%emt 0:00:41]} Rxd2+ {[%emt 0:00:27]} 47. Kc1 {[%emt 0:00:22]} Bf3 {[%emt 0:00:34]} 48. Nxe1 {[%emt 0:00:40]} Rd1+ {[%emt 0:00:21]} 49. Kc2 {[%emt 0:00:21]} Rxe1 {[%emt 0:00:21]} 50. Rb8 {[%emt 0:00:31]} Re8 {[%emt 0:00:23]} 51. b4 {[%emt 0:00:26]} Re2+ {[%emt 0:01:00]} 52. Kc3 {[%emt 0:00:21]} Ra2 {[%emt 0:00:22]} 53. Kd4 {[%emt 0:01:05]} 0-1

[Event "EWIRCC 2019"]
[Site "Monte-Carlo"]
[Date "2019.12.01"]
[Round "9.17"]
[White "Socko, Monika"]
[Black "Berzina, Ilze"]
[Result "1-0"]
[WhiteElo "2417"]
[BlackElo "2211"]
[Annotator "NA"]
[PlyCount "61"]
[EventDate "2019.11.28"]
[EventType "swiss"]
[EventCountry "MNC"]
[SourceTitle "playchess.com"]
[Source "ChessBase"]
[SourceQuality "1"]
[TimeControl "5400+30"]

1. d4 {[%emt 1:15:12]} d5 {[%emt 1:15:12]} 2. c4 {[%emt 0:00:21]} c6 {[%emt 0:00:22]} 3. Nf3 {[%emt 0:00:22]} e6 {[%emt 0:00:22]} 4. Nbd2 {[%emt 0:00:56]} Nf6 {[%emt 0:00:49]} 5. g3 {[%emt 0:00:23]} c5 {[%emt 0:00:24]} 6. Bg2 {[%emt 0:00:47]} Nc6 {[%emt 0:00:24]} 7. cxd5 {[%emt 0:00:49]} exd5 {[%emt 0:00:28]} 8. dxc5 {[%emt 0:00:31]} Bxc5 {[%emt 0:00:21]} 9. O-O {[%emt 0:00:23]} O-O {[%emt 0:00:24]} 10. Nb3 {[%emt 0:00:22]} Bb6 {[%emt 0:00:27]} 11. Nfd4 {[%emt 0:00:53]} Ne4 {[%emt 0:01:04]} 12. Be3 {[%emt 0:00:51]} Ne5 {[%emt 0:01:17]} 13. Qc2 {[%emt 0:01:51]} Re8 {[%emt 0:02:53]} 14. Rad1 {[%emt 0:01:12]} Qf6 {[%emt 0:00:57]} 15. a4 {[%emt 0:04:57]} a5 {[%emt 0:01:28]} 16. Nb5 {[%emt 0:01:08]} Bxe3 {[%emt 0:01:24]} 17. fxe3 {[%emt 0:00:22]} Qh6 {[%emt 0:00:22]} 18. Bxe4 {[%emt 0:02:16]} dxe4 {[%emt 0:00:51]} 19. Qxe4 {[%emt 0:02:04]} Bh3 {[%emt 0:02:23]} 20. Nd6 {[%emt 0:00:30]} Bxf1 {[%emt 0:00:37]} 21. Nxe8 {[%emt 0:02:46]} Bxe2 {[%emt 0:00:22]} 22. Rd6 {[%emt 0:00:21]} Rxe8 {[%emt 0:00:37]} 23. Rxh6 {[%emt 0:00:24]} Nf3+ {[%emt 0:00:22]} 24. Qxf3 {[%emt 0:00:22]} Bxf3 {[%emt 0:00:26]} 25. Rd6 {[%emt 0:00:29]} g5 {[%emt 0:02:27]} 26. Kf2 {[%emt 0:00:24]} g4 {[%emt 0:00:32]} 27. Nd4 {[%emt 0:00:39]} Bd1 {[%emt 0:00:45]} 28. b3 {[%emt 0:01:08]} Rc8 {[%emt 0:00:50]} 29. Rd5 {[%emt 0:00:29]} b6 {[%emt 0:01:04]} 30. Rd6 {[%emt 0:00:37]} Rb8 {[%emt 0:00:52]} 31. Nc6 {[%emt 0:00:25]} 1-0

[Event "EWIRCC 2019"]
[Site "Monte-Carlo"]
[Date "2019.12.01"]
[Round "9.19"]
[White "Savina, Anastasia"]
[Black "Semenova, Elena"]
[Result "1-0"]
[WhiteElo "2354"]
[BlackElo "2282"]
[Annotator "ChessBase"]
[PlyCount "177"]
[EventDate "2019.11.28"]
[EventType "swiss"]
[EventCountry "MNC"]
[SourceTitle "playchess.com"]
[Source "ChessBase"]
[SourceQuality "1"]
[TimeControl "5400+30"]

1. d4 {[%emt 1:15:13]} d5 {[%emt 1:15:11]} 2. c4 {[%emt 0:00:22]} dxc4 {[%emt 0:00:21]} 3. Nf3 {[%emt 0:00:23]} Nf6 {[%emt 0:00:22]} 4. e3 {[%emt 0:00:21]} e6 {[%emt 0:00:24]} 5. Bxc4 {[%emt 0:00:23]} c5 {[%emt 0:00:22]} 6. O-O {[%emt 0:00:23]} cxd4 {[%emt 0:00:21]} 7. exd4 {[%emt 0:01:09]} Be7 {[%emt 0:00:22]} 8. Nc3 {[%emt 0:01:01]} O-O {[%emt 0:00:24]} 9. Re1 {[%emt 0:01:42]} Nc6 {[%emt 0:00:46]} 10. a3 {[%emt 0:00:43]} b6 {[%emt 0:01:11]} 11. d5 {[%emt 0:02:05]} Nxd5 {[%emt 0:02:52]} 12. Nxd5 {[%emt 0:01:34]} exd5 {[%emt 0:00:22]} 13. Bxd5 {[%emt 0:08:25]} Bb7 {[%emt 0:00:54]} 14. Bf4 {[%emt 0:00:30]} Rc8 {[%emt 0:02:21]} 15. Rc1 {[%emt 0:01:34]} Bf6 {[%emt 0:01:33]} 16. b4 {[%emt 0:01:36]} Qd7 {[%emt 0:03:11]} 17. Be4 {[%emt 0:00:54]} Qg4 {[%emt 0:02:38]} 18. Bg3 {[%emt 0:00:29]} Rfd8 {[%emt 0:00:33]} 19. Qa4 {[%emt 0:00:29]} Nd4 {[%emt 0:02:34]} 20. Nxd4 {[%emt 0:00:32]} Rxc1 {[%emt 0:00:54]} 21. Rxc1 {[%emt 0:00:23]} Qxe4 {[%emt 0:01:03]} 22. Nf3 {[%emt 0:00:22]} a5 {[%emt 0:01:07]} 23. h3 {[%emt 0:00:38]} axb4 {[%emt 0:00:23]} 24. axb4 {[%emt 0:00:21]} h6 {[%emt 0:00:26]} 25. Qb5 {[%emt 0:00:38]} Qe6 {[%emt 0:00:43]} 26. Re1 {[%emt 0:00:34]} Qb3 {[%emt 0:00:57]} 27. Re8+ {[%emt 0:00:31]} Rxe8 {[%emt 0:00:23]} 28. Qxe8+ {[%emt 0:00:21]} Kh7 {[%emt 0:00:21]} 29. Ne5 {[%emt 0:00:38]} Qd5 {[%emt 0:00:57]} 30. f3 {[%emt 0:00:30]} Qd8 {[%emt 0:00:40]} 31. Qxd8 {[%emt 0:00:31]} Bxd8 {[%emt 0:00:21]} 32. Nxf7 {[%emt 0:00:23]} Be7 {[%emt 0:00:24]} 33. Bd6 {[%emt 0:00:24]} Bf6 {[%emt 0:00:41]} 34. Be5 {[%emt 0:00:35]} Be7 {[%emt 0:00:35]} 35. Bc3 {[%emt 0:00:28]} Kg6 {[%emt 0:00:26]} 36. Ne5+ {[%emt 0:00:22]} Kf5 {[%emt 0:00:25]} 37. Nc4 {[%emt 0:00:48]} b5 {[%emt 0:00:32]} 38. Na3 {[%emt 0:00:23]} Bc6 {[%emt 0:00:26]} 39. Nc2 {[%emt 0:00:21]} Bf6 {[%emt 0:00:33]} 40. Bxf6 {[%emt 0:00:28]} Kxf6 {[%emt 0:00:20]} 41. Kf2 {[%emt 0:00:26]} Ke5 {[%emt 0:00:24]} 42. Ke3 {[%emt 0:00:22]} Kd5 {[%emt 0:00:23]} 43. Kd3 {[%emt 0:00:22]} Be8 {[%emt 0:00:24]} 44. Ne3+ {[%emt 0:00:28]} Ke5 {[%emt 0:00:22]} 45. g3 {[%emt 0:00:34]} Bg6+ {[%emt 0:00:38]} 46. Kc3 {[%emt 0:00:22]} Bf7 {[%emt 0:00:40]} 47. Ng4+ {[%emt 0:01:06]} Kd5 {[%emt 0:00:24]} 48. Nf2 {[%emt 0:00:35]} Be6 {[%emt 0:00:34]} 49. Nd3 {[%emt 0:00:33]} g5 {[%emt 0:00:33]} 50. g4 {[%emt 0:00:22]} Bf7 {[%emt 0:00:27]} 51. Nc5 {[%emt 0:00:39]} Bg6 {[%emt 0:00:35]} 52. Nd3 {[%emt 0:00:30]} Bf7 {[%emt 0:00:22]} 53. Nc1 {[%emt 0:00:31]} Ke5 {[%emt 0:00:33]} 54. Nd3+ {[%emt 0:00:29]} Kd5 {[%emt 0:00:21]} 55. f4 {[%emt 0:00:21]} gxf4 {[%emt 0:00:29]} 56. Nxf4+ {[%emt 0:00:21]} Ke4 {[%emt 0:00:31]} 57. Ne2 {[%emt 0:00:34]} Kf3 {[%emt 0:01:05]} 58. Nd4+ {[%emt 0:00:22]} Kg3 {[%emt 0:00:27]} 59. Nf5+ {[%emt 0:00:29]} Kxh3 {[%emt 0:00:25]} 60. Nxh6 {[%emt 0:00:21]} Be8 {[%emt 0:00:41]} 61. Kd4 {[%emt 0:00:35]} Kh4 {[%emt 0:00:22]} 62. Ke5 {[%emt 0:00:28]} Kg5 {[%emt 0:00:28]} 63. Ng8 {[%emt 0:00:21]} Bf7 {[%emt 0:00:32]} 64. Nf6 {[%emt 0:00:26]} Bc4 {[%emt 0:00:23]} 65. Nd5 {[%emt 0:00:40]} Bd3 {[%emt 0:00:43]} 66. Ne3 {[%emt 0:00:46]} Be2 {[%emt 0:00:24]} 67. Ke4 {[%emt 0:00:28]} Kg6 {[%emt 0:00:40]} 68. Kf4 {[%emt 0:00:28]} Bd3 {[%emt 0:00:24]} 69. g5 {[%emt 0:00:23]} Kf7 {[%emt 0:00:32]} 70. Ng4 {[%emt 0:00:33]} Bc2 {[%emt 0:00:31]} 71. Ne3 {[%emt 0:00:51]} Bd3 {[%emt 0:00:27]} 72. Ng2 {[%emt 0:00:31]} Ke6 {[%emt 0:00:35]} 73. Ne3 {[%emt 0:00:31]} Bg6 {[%emt 0:00:32]} 74. Ng4 {[%emt 0:00:30]} Kd5 {[%emt 0:00:34]} 75. Ne5 {[%emt 0:00:32]} Be8 {[%emt 0:00:25]} 76. Kf5 {[%emt 0:00:27]} Kd4 {[%emt 0:00:31]} 77. Kf6 {[%emt 0:00:32]} Bh5 {[%emt 0:00:30]} 78. Nc6+ {[%emt 0:00:31]} Kd5 {[%emt 0:00:35]} 79. Na5 {[%emt 0:00:23]} Kd4 {[%emt 0:00:29]} 80. g6 {[%emt 0:00:29]} Bf3 {[%emt 0:00:32]} 81. g7 {[%emt 0:00:27]} Bd5 {[%emt 0:00:21]} 82. Nc6+ {[%emt 0:00:35]} Kc4 {[%emt 0:00:38]} 83. Ke5 {[%emt 0:00:34]} Bg8 {[%emt 0:00:28]} 84. Kd6 {[%emt 0:00:24]} Bh7 {[%emt 0:00:26]} 85. Kc7 {[%emt 0:00:27]} Bg8 {[%emt 0:00:27]} 86. Kb6 {[%emt 0:00:22]} Bh7 {[%emt 0:00:23]} 87. Ka5 {[%emt 0:00:23]} Bg8 {[%emt 0:00:24]} 88. Ne7 {[%emt 0:00:23]} Bh7 {[%emt 0:00:22]} 89. g8=Q+ {[%emt 0:00:00] Kd5} 1-0